000 00522nam a2200217Ia 4500
003 GCL
008 140319s9999 xx 000 0 eng d
040 _aGCL /
_cGCL
082 0 4 _aCC
_b069.32
_bG C
100 1 _aGAWDAT GABRA
245 1 0 _aCAIRO THE COPTIC MUSEUM OLD CHURCHES /
_cGAWDAT GABRA
260 _a[S.N] :
_bLONGMAN ،
_c1993
300 _a143 P
650 0 4 _aMUSEUMS
650 0 4 _aCOPTIC MUSEUM
650 0 4 _aCAIRO
650 0 4 _aOLD CAIRO
650 0 4 _aCOPTS
650 0 4 _aCHURCHES
942 _2ddc
_cBK
999 _c19585
_d19585